Republika Srpska - 2025 - Statistics

General Stats
  • This quiz has been taken 9 times
  • The average score is 14 of 20
Answer Stats
Hint Answer % Correct
When was Republika Srpska formed? 1992
100%
When was Dayton signed? 21.11.1995.
100%
What is the biggest city? Banja Luka
100%
Currency? Convertible Mark
100%
What percentage of territory of Bosnia and Herzegovina does Republika Srpska control? 49%
88%
Biggest football club? Borac Banja Luka
88%
What is the name of the famous mountain that hosts Olympic skiing? Jahorina
88%
According to the constitution, what is the capital? Sarajevo
88%
Longest river in Republika Srpska? Sava
75%
Southernmost major city? Trebinje
75%
Mountain north of Banja Luka associated with WWII battles? Kozara
63%
Highest mountain? Maglić
63%
Largest religious group in Republika Srpska? Orthodox Christianity
63%
What is the name of the region surrounding Banja Luka and encompassing cities even in Croatia? Krajina
50%
Who was the first president? Radovan Karadžić
50%
Where is the oil refinery in Republika Srpska? Brod
38%
What is the patron saint of Republika Srpska? St. Stephen
38%
Longest river entirely in Republika Srpska? Ukrina
38%
What is the name of the rainforest in Herzegovina? Perućica
25%
Oldest university? University of Banja Luka
25%
No matching quizzes found
Score Distribution
Percent of People with Each Score
Percentile by Number Answered
Your Score History
You have not taken this quiz